[Event "DMP-III LIGA Senior PK 2020"]
[Site "Bystre"]
[Date "2020.07.10"]
[Round "4.18"]
[White "Zgoda, Aleksandra"]
[Black "Wolak, Julia"]
[Result "0-1"]
[WhiteElo "1203"]
[BlackElo "1516"]
[Annotator "NA RC"]
[PlyCount "138"]
[EventDate "2020.07.05"]
[EventType "team-tourn"]
[EventCountry "POL"]
[SourceTitle "playchess.com"]
[Source "ChessBase"]
[SourceQuality "1"]
[TimeControl "5400+30"]

1. e4 {[%emt 0:00:00]} c5 {[%emt 0:00:00]} 2. Nf3 {[%emt 0:00:00]} Nc6 {[%emt 0:00:00]} 3. d4 {[%emt 0:00:00]} cxd4 {[%emt 0:00:00]} 4. Nxd4 {[%emt 0:00:09]} Nf6 {[%emt 0:00:00]} 5. Nc3 {[%emt 0:00:24]} e5 {[%emt 0:00:03]} 6. Nb3 {[%emt 0:00:31]} Bb4 {[%emt 0:00:12]} 7. Bd3 {[%emt 0:00:59]} d5 {[%emt 0:01:09]} 8. exd5 {[%emt 0:05:46]} Bxc3+ {[%emt 0:00:27]} 9. bxc3 {[%emt 0:00:57]} Nxd5 {[%emt 0:00:55]} 10. c4 {[%emt 0:02:45]} Nb6 {[%emt 0:02:46]} 11. O-O {[%emt 0:03:13]} O-O {[%emt 0:00:49]} 12. a3 {[%emt 0:05:04]} Qh4 {[%emt 0:06:28]} 13. Qe2 {[%emt 0:05:31]} Be6 {[%emt 0:04:18]} 14. c5 {[%emt 0:08:15]} Nd7 {[%emt 0:00:39]} 15. Bb2 {[%emt 0:05:35]} Bxb3 {[%emt 0:12:01]} 16. cxb3 {[%emt 0:10:20]} Nxc5 {[%emt 0:00:49]} 17. Bc4 {[%emt 0:05:52]} Kh8 {[%emt 0:09:55]} 18. Bxe5 {[%emt 0:08:19]} Qe7 {[%emt 0:10:22]} 19. Bg3 {[%emt 0:06:13]} Qxe2 {[%emt 0:01:03]} 20. Bxe2 {[%emt 0:00:11]} Nxb3 {[%emt 0:00:25]} 21. Rad1 {[%emt 0:01:30]} Nbd4 {[%emt 0:04:18]} 22. Bc4 {[%emt 0:01:09]} Rad8 {[%emt 0:05:01]} 23. f3 {[%emt 0:02:11]} b5 {[%emt 0:02:38]} 24. Bd3 {[%emt 0:02:11]} b4 {[%emt 0:02:07]} 25. axb4 {[%emt 0:01:33]} Nxb4 {[%emt 0:00:16]} 26. Bc4 {[%emt 0:01:16]} f6 {[%emt 0:03:40]} 27. Ra1 {[%emt 0:02:59]} Nbc2 {[%emt 0:06:52]} 28. Rxa7 {[%emt 0:03:12]} Ne3 {[%emt 0:00:34]} 29. Rc1 {[%emt 0:01:17]} Rc8 {[%emt 0:00:41]} 30. Kf2 {[%emt 0:01:52]} Rxc4 {[%emt 0:01:18]} 31. Rxc4 {[%emt 0:01:33]} Nxc4 {[%emt 0:00:21]} 32. Ra4 {[%emt 0:00:50]} Rc8 {[%emt 0:00:16]} 33. h3 {[%emt 0:01:21]} Nf5 {[%emt 0:00:39]} 34. Bh2 {[%emt 0:00:27]} Nce3 {[%emt 0:01:33]} 35. g4 {[%emt 0:01:11]} Rc2+ {[%emt 0:00:15]} 36. Kg1 {[%emt 0:00:30]} Ne7 {[%emt 0:03:40]} 37. Re4 {[%emt 0:00:38]} N3d5 {[%emt 0:00:39]} 38. Bd6 {[%emt 0:00:28]} Ng8 {[%emt 0:01:03]} 39. h4 {[%emt 0:01:34]} g6 {[%emt 0:01:46]} 40. Rd4 {[%emt 0:02:13]} Nge7 {[%emt 0:01:26]} 41. Re4 {[%emt 0:00:45]} f5 {[%emt 0:02:11]} 42. gxf5 {[%emt 0:00:35]} Nxf5 {[%emt 0:00:17]} 43. Bh2 {[%emt 0:03:27]} Nde3 {[%emt 0:01:54]} 44. Bf4 {[%emt 0:01:22]} Nd5 {[%emt 0:03:08]} 45. Bh2 {[%emt 0:00:09]} Kg7 {[%emt 0:00:20]} 46. Rg4 {[%emt 0:00:50]} h5 {[%emt 0:00:47]} 47. Re4 {[%emt 0:00:16]} Kf7 {[%emt 0:00:55]} 48. Kh1 {[%emt 0:01:01]} Rf2 {[%emt 0:00:23]} 49. Kg1 {[%emt 0:00:29]} Rxf3 {[%emt 0:00:11]} 50. Kg2 {[%emt 0:00:10]} Rd3 {[%emt 0:01:41]} 51. Bg1 {[%emt 0:02:00]} Nde3+ {[%emt 0:00:45]} 52. Bxe3 {[%emt 0:00:25]} Rxe3 {[%emt 0:00:28]} 53. Rf4 {[%emt 0:00:30]} Kf6 {[%emt 0:00:28]} 54. Ra4 {[%emt 0:00:44]} Rg3+ {[%emt 0:01:28]} 55. Kh2 {[%emt 0:00:13]} Rd3 {[%emt 0:01:06]} 56. Rb4 {[%emt 0:00:24]} Rd4 {[%emt 0:00:30]} 57. Rxd4 {[%emt 0:00:34]} Nxd4 {[%emt 0:00:05]} 58. Kg3 {[%emt 0:00:09]} Kf5 {[%emt 0:00:05]} 59. Kh3 {[%emt 0:00:22]} Kf4 {[%emt 0:00:03]} 60. Kg2 {[%emt 0:00:23]} Kg4 {[%emt 0:00:06]} 61. Kh1 {[%emt 0:00:38]} Kxh4 {[%emt 0:00:07]} 62. Kh2 {[%emt 0:00:07]} Kg4 {[%emt 0:00:11]} 63. Kg2 {[%emt 0:00:42]} g5 {[%emt 0:00:09]} 64. Kh2 {[%emt 0:00:05]} Kf3 {[%emt 0:00:18]} 65. Kg1 {[%emt 0:00:10]} h4 {[%emt 0:00:20]} 66. Kh2 {[%emt 0:00:05]} g4 {[%emt 0:00:07]} 67. Kg1 {[%emt 0:00:03]} g3 {[%emt 0:00:12]} 68. Kh1 {[%emt 0:00:09]} g2+ {[%emt 0:00:07]} 69. Kg1 {[%emt 0:00:13]} Ne2+ {[%emt 0:00:03]} 0-1

[Event "DMP-III LIGA Senior PK 2020"]
[Site "Bystre"]
[Date "2020.07.10"]
[Round "4.19"]
[White "Lorenc, Marian"]
[Black "Kopczyk, Daniel"]
[Result "0-1"]
[WhiteElo "2124"]
[BlackElo "2137"]
[Annotator "TA"]
[PlyCount "120"]
[EventDate "2020.07.05"]
[EventType "team-tourn"]
[EventCountry "POL"]
[SourceTitle "playchess.com"]
[Source "ChessBase"]
[SourceQuality "1"]

{[%evp 14,120,33,35,60,50,35,39,34,-23,0,4,0,-22,8,8,14,2,6,6,13,7,24,35,22,-35,-8,-45,-67,-54,-62,-62,-65,-76,-8,-5,-2,-6,-6,-17,-7,-2,0,0,35,0,19,0,0,0,0,0,0,0,0,0,0,0,0,0,0,0,0,-36,0,0,0,0,0,0,0,0,0,0,0,0,0,0,0,-82,-82,-184,-193,-195,-192,-184,-200,-259,-258,-256,-249,-241,-226,-243,-241,-239,-218,-220,-147,-226,-8,-8,0,0,0,0,0,0,0]} 1. e4 e5 2. Nf3 Nc6 3. Bb5 a6 4. Ba4 Be7 5. O-O b5 6. Bb3 Nf6 7. d4 d6 8. dxe5 Nxe5 {C84: Closed Ruy Lopez: Unusual White 6th moves.} 9. Nxe5 dxe5 10. Qxd8+ Bxd8 {White is slightly better.} 11. f4 {[#]} ({Better is} 11. a4 $14) 11... O-O $146 ({Predecessor:} 11... c6 12. Bxf7+ Ke7 13. h3 Bb6+ 14. Kh2 Kxf7 15. fxe5 Bb7 16. Bf4 Ne8 17. Nc3 Rf8 {0-1 (40) Prasannaa,S (2213)-Pascua,H (2441) Johor 2019}) 12. fxe5 Ng4 13. Bd5 c6 14. Bxc6 Bb6+ 15. Kh1 Ra7 16. h3 $1 {[%cal Rh3g4]} Nf2+ 17. Kh2 {Threatening Kg3.} Rc7 18. Bd5 Rxc2 19. Nc3 (19. Bb3 $11 Rc6 20. Nc3) 19... Nd3 {[%mdl 1024] Black has compensation.} 20. Bg5 (20. Bb3 $5 {[%cal Rb3c2]} Rxc1 21. Rfxc1 Nxc1 22. Rxc1 $11) 20... Be6 $36 {[%mdl 2048] Black has some pressure.} ({Of course not} 20... Rxb2 $6 21. Be7 $14) 21. Be7 Re8 22. Bd6 Bd4 23. Rad1 {[#]} Bxe5+ (23... Bxd5 $1 $17 24. Nxd5 Bxe5+ 25. Bxe5 Nxe5) 24. Bxe5 $11 Nxe5 25. Bxe6 fxe6 26. Rd6 Rxb2 {White must now prevent ...Rc2.} 27. Rxa6 b4 28. Nb5 Rf8 29. Rxf8+ Kxf8 30. Rxe6 $14 {[%mdl 4096] Endgame KRN-KRN} Nf3+ 31. Kg3 Ne1 32. Nd6 {[%csl Gd6][%cal Re6e8]} Rxg2+ 33. Kf4 {[%csl Gd6][%cal Re6e8]} g6 $1 34. Re8+ Kg7 35. e5 Rxa2 36. Re7+ Kh6 37. Nf7+ Kh5 38. Rb7 Nd3+ 39. Ke3 Nc5 40. Rxb4 Ra3+ 41. Kd4 Ne6+ 42. Kd5 Ng7 43. h4 Ra5+ 44. Kc6 Nf5 45. e6 Ra6+ 46. Kd5 (46. Kd7 $11) 46... Ne7+ $17 47. Kc5 (47. Kc4 $17 {only move.}) 47... Rxe6 $19 48. Ng5 Rc6+ 49. Kb5 Rc7 50. Rf4 Nf5 51. Kb6 Re7 ({Weaker is} 51... Nxh4 52. Kxc7 Kxg5 53. Rf2 $15) 52. Nf3 Ne3 {aiming for ...Nd5+.} 53. Kc5 Ng2 54. Rd4 Rf7 55. Ng5 Rf5+ 56. Kd6 (56. Kc4 $17) 56... h6 $2 ({Black should try} 56... Nxh4 $19 57. Ne4 g5) 57. Ne6 $11 {[%cal Re6g7] The position is equal.} Rf6 58. Ke7 {[%cal Re6g7] [#]} Rxe6+ $1 {[%mdl 512]} 59. Kxe6 Nxh4 60. Kf6 g5 {[%mdl 32768] Accuracy: White = 76%, Black = 80%. . Loss on time!?} 0-1

[Event "DMP-III LIGA Senior PK 2020"]
[Site "Bystre"]
[Date "2020.07.10"]
[Round "4.20"]
[White "Mrozowski, Patryk"]
[Black "Marciniak, Leonard"]
[Result "1/2-1/2"]
[WhiteElo "2065"]
[BlackElo "1672"]
[Annotator "TA"]
[PlyCount "62"]
[EventDate "2020.07.05"]
[EventType "team-tourn"]
[EventCountry "POL"]
[SourceTitle "playchess.com"]
[Source "ChessBase"]
[SourceQuality "1"]

{[%evp 9,62,-25,-37,-79,-93,-96,0,-81,0,-64,-75,-133,-118,-147,-124,-137,-73,-70,-53,-47,-60,-57,-39,-47,-50,-53,-49,-36,-42,-31,-15,-40,-45,-36,-25,-25,29,29,62,5,27,23,29,20,33,-4,-15,-10,0,-25,-16,-57,-52,-115,-113]} 1. e4 c6 2. d4 d5 3. e5 Bf5 4. h4 h5 5. Bg5 Qb6 6. Bd3 {B12: Caro-Kann: Advance Variation.} Bxd3 7. Qxd3 e6 (7... Qxb2 $17 8. Qb3 Qxb3 9. axb3 e6) 8. Ne2 (8. Nd2 $11 {remains equal.}) 8... c5 {[#]} (8... Qxb2 $17 9. O-O Qxa1) 9. b3 $146 (9. Nd2 $11) ({Predecessor:} 9. dxc5 Bxc5 10. O-O Nc6 11. Bf4 Nge7 12. Nbc3 Ng6 13. Na4 Qb4 14. Nxc5 Nxf4 15. Nxf4 Qxf4 16. Nxb7 {0-1 (48) Matasaru,S (1859)-Stanciu,A (1953) Sovata 2018}) 9... cxd4 $15 10. Qxd4 (10. Nd2 $142) 10... Bc5 $17 11. Qa4+ Nc6 12. O-O {[#]} Nge7 (12... Nh6 $142 $1 {aiming for ...Ng4.} 13. Bxh6 Rxh6) 13. Nd2 Qb4 14. Qxb4 Bxb4 15. c3 Bc5 16. Nf3 Ng6 17. Bf4 $1 f6 18. exf6 gxf6 19. Be3 Be7 20. Rad1 Kf7 21. g3 Rad8 22. Nfd4 a6 ({Better is} 22... Nxd4 23. Nxd4 Rc8) 23. f4 $11 f5 24. Rfe1 (24. Nf3 $14) 24... Rhg8 25. Kh2 Nxd4 26. Nxd4 Bf6 27. Rd3 Bxd4 28. Bxd4 Rd6 29. Bc5 Rc6 30. Bb4 a5 31. Ba3 {[#]} (31. Bxa5 $15 Ra8 32. Bb4) 31... b5 $1 {Accuracy: White = 56%, Black = 80%.} 1/2-1/2

[Event "DMP-III LIGA Senior PK 2020"]
[Site "Bystre"]
[Date "2020.07.10"]
[Round "4.23"]
[White "Mastej, Krzysztof"]
[Black "Dziura, Wiktor"]
[Result "1/2-1/2"]
[WhiteElo "1303"]
[BlackElo "1353"]
[Annotator "NA RC"]
[PlyCount "50"]
[EventDate "2020.07.05"]
[EventType "team-tourn"]
[EventCountry "POL"]
[SourceTitle "playchess.com"]
[Source "ChessBase"]
[SourceQuality "1"]
[TimeControl "5400+30"]

1. e4 {[%emt 0:00:00]} g6 {[%emt 0:00:00]} 2. d4 {[%emt 0:00:00]} Bg7 {[%emt 0:00:00]} 3. Nf3 {[%emt 0:00:25]} c5 {[%emt 0:00:00]} 4. Nc3 {[%emt 0:01:24]} cxd4 {[%emt 0:00:00]} 5. Nxd4 {[%emt 0:00:11]} d6 {[%emt 0:00:58]} 6. Be3 {[%emt 0:01:09]} Nf6 {[%emt 0:02:03]} 7. f3 {[%emt 0:01:13]} O-O {[%emt 0:00:25]} 8. Qd2 {[%emt 0:01:06]} Re8 {[%emt 0:00:10]} 9. g4 {[%emt 0:01:19]} Nc6 {[%emt 0:04:41]} 10. O-O-O {[%emt 0:01:17]} a6 {[%emt 0:03:39]} 11. h4 {[%emt 0:01:16]} Qc7 {[%emt 0:04:46]} 12. h5 {[%emt 0:01:41]} Ne5 {[%emt 0:03:52]} 13. hxg6 {[%emt 0:01:44]} fxg6 {[%emt 0:01:33]} 14. Bh6 {[%emt 0:03:14]} Bh8 {[%emt 0:01:00]} 15. Nd5 {[%emt 0:02:47]} Nxd5 {[%emt 0:03:22]} 16. exd5 {[%emt 0:00:30]} Qb6 {[%emt 0:01:25]} 17. c3 {[%emt 0:02:36]} Qc7 {[%emt 0:06:46]} 18. Bd3 {[%emt 0:07:12]} e6 {[%emt 0:02:20]} 19. dxe6 {[%emt 0:02:09]} Bxe6 {[%emt 0:00:41]} 20. Nxe6 {[%emt 0:01:10]} Rxe6 {[%emt 0:00:49]} 21. Qe2 {[%emt 0:03:52]} Nxd3+ {[%emt 0:05:16]} 22. Qxd3 {[%emt 0:00:19]} Bg7 {[%emt 0:02:17]} 23. Qd5 {[%emt 0:03:25]} Bxh6+ {[%emt 0:01:25]} 24. Rxh6 {[%emt 0:00:44]} Qf7 {[%emt 0:00:50]} 25. Rhh1 {[%emt 0:02:56]} Rae8 {[%emt 0:00:40]} 1/2-1/2

[Event "DMP-III LIGA Senior PK 2020"]
[Site "Bystre"]
[Date "2020.07.10"]
[Round "4.24"]
[White "Kruczek, Aleksandra"]
[Black "Uliasz, Katarzyna"]
[Result "0-1"]
[WhiteElo "1038"]
[BlackElo "1386"]
[Annotator "NA RC"]
[PlyCount "140"]
[EventDate "2020.07.05"]
[EventType "team-tourn"]
[EventCountry "POL"]
[SourceTitle "playchess.com"]
[Source "ChessBase"]
[SourceQuality "1"]
[TimeControl "5400+30"]

1. d4 {[%emt 0:00:00]} Nf6 {[%emt 0:00:00]} 2. Bf4 {[%emt 0:00:00]} g6 {[%emt 0:00:53]} 3. Nf3 {[%emt 0:00:19]} Bg7 {[%emt 0:00:08]} 4. e3 {[%emt 0:01:08]} O-O {[%emt 0:00:11]} 5. Bd3 {[%emt 0:00:48]} d6 {[%emt 0:01:03]} 6. h3 {[%emt 0:01:06]} Nbd7 {[%emt 0:00:59]} 7. Nbd2 {[%emt 0:01:24]} c5 {[%emt 0:03:31]} 8. c3 {[%emt 0:03:51]} a6 {[%emt 0:01:34]} 9. a4 {[%emt 0:07:11]} b6 {[%emt 0:06:58]} 10. b3 {[%emt 0:06:06]} Qc7 {[%emt 0:05:03]} 11. O-O {[%emt 0:04:01]} Bb7 {[%emt 0:06:36]} 12. e4 {[%emt 0:06:33]} h6 {[%emt 0:13:27]} 13. Rc1 {[%emt 0:08:17]} g5 {[%emt 0:05:07]} 14. Be3 {[%emt 0:09:35]} Rad8 {[%emt 0:07:38]} 15. c4 {[%emt 0:06:04]} cxd4 {[%emt 0:06:43]} 16. Nxd4 {[%emt 0:03:10]} Nc5 {[%emt 0:00:09]} 17. Qc2 {[%emt 0:03:10]} e6 {[%emt 0:02:27]} 18. f3 {[%emt 0:04:10]} Nxd3 {[%emt 0:00:18]} 19. Qxd3 {[%emt 0:00:26]} Nh5 {[%emt 0:02:38]} 20. Ne2 {[%emt 0:06:09]} e5 {[%emt 0:14:09]} 21. g3 {[%emt 0:02:28]} Bc8 {[%emt 0:01:12]} 22. Kh2 {[%emt 0:03:54]} Kh8 {[%emt 0:04:44]} 23. b4 {[%emt 0:01:44]} Qd7 {[%emt 0:00:29]} 24. g4 {[%emt 0:00:46]} Nf4 {[%emt 0:00:49]} 25. Nxf4 {[%emt 0:00:11]} gxf4 {[%emt 0:00:31]} 26. Bxb6 {[%emt 0:00:33]} Qxa4 {[%emt 0:02:40]} 27. Bxd8 {[%emt 0:02:34]} Rxd8 {[%emt 0:00:01]} 28. c5 {[%emt 0:01:08]} Qxb4 {[%emt 0:05:58]} 29. Rc4 {[%emt 0:02:28]} Qb8 {[%emt 0:02:36]} 30. c6 {[%emt 0:01:33]} Qc7 {[%emt 0:01:12]} 31. Rb1 {[%emt 0:02:05]} Bf6 {[%emt 0:00:40]} 32. Qb3 {[%emt 0:03:13]} Bh4 {[%emt 0:00:10]} 33. Qb8 {[%emt 0:01:08]} Bg3+ {[%emt 0:00:27]} 34. Kg2 {[%emt 0:00:17]} Qe7 {[%emt 0:02:21]} 35. c7 {[%emt 0:00:57]} Rg8 {[%emt 0:00:38]} 36. Nf1 {[%emt 0:02:56]} Qh4 {[%emt 0:01:09]} 37. Rc2 {[%emt 0:02:32]} Qg5 {[%emt 0:01:44]} 38. Rc6 {[%emt 0:01:15]} h5 {[%emt 0:01:01]} 39. Rxd6 {[%emt 0:01:58]} hxg4 {[%emt 0:00:49]} 40. fxg4 {[%emt 0:00:55]} Bh4 {[%emt 0:00:41]} 41. Rbb6 {[%emt 0:01:11]} f3+ {[%emt 0:00:21]} 42. Kh1 {[%emt 0:00:54]} Qc1 {[%emt 0:00:31]} 43. Rh6+ {[%emt 0:00:10]} Kg7 {[%emt 0:00:17]} 44. Rb1 {[%emt 0:00:11]} Qxh6 {[%emt 0:00:35]} 45. Qb2 {[%emt 0:00:24]} Bf6 {[%emt 0:00:38]} 46. Ng3 {[%emt 0:00:12]} Qxh3+ {[%emt 0:00:20]} 47. Qh2 {[%emt 0:00:13]} Qxh2+ {[%emt 0:00:42]} 48. Kxh2 {[%emt 0:00:01]} Rh8+ {[%emt 0:00:25]} 49. Kg1 {[%emt 0:00:05]} Bh4 {[%emt 0:00:38]} 50. Kf2 {[%emt 0:00:11]} Bxg4 {[%emt 0:00:32]} 51. Rb8 {[%emt 0:00:17]} Rc8 {[%emt 0:00:20]} 52. Rxc8 {[%emt 0:00:06]} Bxc8 {[%emt 0:00:06]} 53. Kxf3 {[%emt 0:00:05]} Bxg3 {[%emt 0:00:06]} 54. Kxg3 {[%emt 0:00:02]} a5 {[%emt 0:00:06]} 55. Kf3 {[%emt 0:00:08]} a4 {[%emt 0:00:03]} 56. Kg3 {[%emt 0:00:10]} a3 {[%emt 0:00:03]} 57. Kf3 {[%emt 0:00:08]} a2 {[%emt 0:00:03]} 58. Kg3 {[%emt 0:00:06]} a1=Q {[%emt 0:00:06]} 59. Kf2 {[%emt 0:00:16]} Qd4+ {[%emt 0:00:24]} 60. Kf3 {[%emt 0:00:13]} Qc3+ {[%emt 0:00:10]} 61. Ke2 {[%emt 0:00:05]} Qxc7 {[%emt 0:00:31]} 62. Ke3 {[%emt 0:00:10]} Qc3+ {[%emt 0:00:12]} 63. Ke2 {[%emt 0:00:07]} Ba6+ {[%emt 0:00:04]} 64. Kf2 {[%emt 0:00:25]} Qd4+ {[%emt 0:00:06]} 65. Kf3 {[%emt 0:00:18]} Qd3+ {[%emt 0:00:11]} 66. Kg4 {[%emt 0:00:14]} Qxe4+ {[%emt 0:00:08]} 67. Kg3 {[%emt 0:00:11]} Qf4+ {[%emt 0:00:06]} 68. Kg2 {[%emt 0:00:17]} Bb7+ {[%emt 0:00:10]} 69. Kg1 {[%emt 0:00:08]} Qg3+ {[%emt 0:00:12]} 70. Kf1 {[%emt 0:00:10]} Ba6# {[%emt 0:00:09]} 0-1

[Event "DMP-III LIGA Senior PK 2020"]
[Site "Bystre"]
[Date "2020.07.10"]
[Round "4.25"]
[White "Marut, Leszek"]
[Black "Piekarski, Lukasz"]
[Result "*"]
[WhiteElo "1863"]
[BlackElo "1901"]
[Annotator "TA"]
[PlyCount "37"]
[EventDate "2020.07.05"]
[EventType "team-tourn"]
[EventCountry "POL"]
[SourceTitle "playchess.com"]
[Source "ChessBase"]
[SourceQuality "1"]

{[%evp 16,22,23,-22,-13,-3,0,-5,-11]} 1. d4 Nf6 2. Nf3 g6 3. g3 Bg7 4. Bg2 O-O 5. O-O d6 6. b3 c5 7. Bb2 cxd4 8. Nxd4 d5 9. Nd2 e5 {The position is equal. A49: 1 d4 Nf6 2 Nf3 g6 3 g3: Anti-King's Indian systems.} 10. N4f3 e4 11. Nd4 Nbd7 {[#] Not much happened in this game.} {Predecessor:} 12. e3 $146 Ne5 13. h3 Re8 14. Ne2 b6 15. Bxe5 Rxe5 16. c4 Ba6 17. Rc1 Rc8 18. Re1 dxc4 19. bxc4 {0-1 (46) Sadiku,B (2277)-Hausrath,D (2528) Ohrid 2009} *

[Event "DMP-III LIGA Senior PK 2020"]
[Site "Bystre"]
[Date "2020.07.10"]
[Round "4.25"]
[White "Marut, Leszek"]
[Black "Piekarski, Lukasz"]
[Result "1/2-1/2"]
[WhiteElo "1863"]
[BlackElo "1901"]
[Annotator "TA"]
[PlyCount "72"]
[EventDate "2020.07.05"]
[EventType "team-tourn"]
[EventCountry "POL"]
[SourceTitle "playchess.com"]
[Source "ChessBase"]
[SourceQuality "1"]

{[%evp 16,72,6,-27,-26,-8,-20,-10,-20,-11,0,-35,-28,-26,-14,-47,-48,-78,-60,-92,-94,-147,-146,-152,-112,-116,-120,-143,-150,-142,-133,-131,-121,-116,-127,-123,-90,-97,-78,-83,-64,-66,-67,-180,-174,-166,0,0,0,-16,-16,-18,-24,-104,-16,-30,759,-328,673]} 1. d4 Nf6 2. Nf3 g6 3. g3 Bg7 4. Bg2 O-O 5. O-O d6 6. b3 c5 7. Bb2 cxd4 8. Nxd4 d5 9. Nd2 e5 {A49: 1 d4 Nf6 2 Nf3 g6 3 g3: Anti-King's Indian systems.} 10. N4f3 e4 11. Nd4 $1 Nbd7 {The position is equal.} 12. e3 Ne5 13. h3 Re8 14. a4 {[#]} Nfd7 $146 ({Predecessor:} 14... Bd7 15. Qe2 Rc8 16. Rfc1 a6 17. Rab1 h5 18. Rf1 h4 19. f4 exf3 20. N4xf3 Nxf3+ 21. Qxf3 Rxc2 22. Bxf6 Qxf6 23. Qxd5 {1-0 (50) Arboledas Fernandez,A (2104)-Naranjo Moreno,A (2379) Linares 2017}) 15. Qe2 Nc5 16. Rab1 f5 17. Ba3 b6 18. f4 (18. Rfd1 $142) 18... exf3 $1 $17 19. N2xf3 Nxf3+ {[%mdl 64] [#] Discovered Attack} 20. Qxf3 Ne4 21. Bb4 a5 22. Be1 Bxd4 23. exd4 Ba6 24. Rf2 Rc8 25. Rc1 Nxf2 26. Qxd5+ Qxd5 27. Bxd5+ Kf8 28. Bxf2 Rc3 {Strongly threatening ...Re2.} 29. Bg2 ({White has to play} 29. Be1 $15 Ree3 30. Bxc3 Rxg3+ {[%mdl 64] Double Attack} 31. Kf2 Rxc3 32. h4) 29... Rec8 $19 30. d5 Rxb3 $2 ({Black should try} 30... Rxc2 $19 31. Rxc2 Rxc2 32. Bxb6 Ke7) 31. d6 $11 Rb2 {...Ke8 is the strong threat.} 32. d7 Rd8 33. Bc6 {Threatens to win with Re1.} Ke7 34. Bd4 {[#]} (34. Rd1 $1 $11 Rxc2 35. Re1+ Kd6 36. Bxb6 Rxd7 37. Bxd7 Kxd7 38. Bxa5) 34... Rb4 (34... Kd6 $1 $17 {Black wants to play ...Rb4.} 35. Bxb2 Kxc6) 35. c3 Kd6 $2 {[%mdl 8192]} (35... Rb2 $11) 36. Bf2 $4 {[%mdl 8192]} (36. cxb4 $18 axb4 37. Bxb6 Rxd7 38. Bxd7 Kxd7 39. Be3) 36... Rxd7 $4 {[%mdl 40960] What a bad dream for Black. Accuracy: White = 48%, Black = 65%. . An unexpected result.} (36... Rb2 $19 37. Bg2 Rxd7) 1/2-1/2

[Event "DMP-III LIGA Senior PK 2020"]
[Site "Bystre"]
[Date "2020.07.10"]
[Round "4.26"]
[White "Pasionek, Ariel"]
[Black "Dobrzanski, Krzysztof"]
[Result "1-0"]
[WhiteElo "1914"]
[BlackElo "1722"]
[Annotator "TA"]
[PlyCount "119"]
[EventDate "2020.07.05"]
[EventType "team-tourn"]
[EventCountry "POL"]
[SourceTitle "playchess.com"]
[Source "ChessBase"]
[SourceQuality "1"]

{[%evp 14,119,14,2,4,3,20,12,14,4,31,31,39,31,33,31,35,41,32,22,30,9,11,4,13,9,36,31,63,26,87,79,79,79,83,76,76,84,83,77,79,74,83,83,83,83,94,93,125,122,132,131,125,81,81,82,87,88,88,90,90,95,80,60,83,83,152,152,152,152,1098,1098,733,915,29963,29962,29969,29970,29970,29971,29971,29971,29972,29973,29973,29974,29974,29976,29977,29978,29978,29979,29980,29981,29980,29981,29984,29985,29986,29987,29987,29988,29988,29989,29991,29992,29992,29993]} 1. e4 c5 2. Nf3 Nc6 3. Bb5 d6 4. O-O a6 5. Bxc6+ bxc6 6. d4 cxd4 7. Qxd4 e5 8. Qd3 Nf6 {B51: Sicilian: Moscow Variation (3 Bb5+) without 3...Bd7.} 9. c4 Qc7 10. b3 Be7 {The position is equal.} 11. Bb2 {[#]} O-O $146 {[#]} ({Predecessor:} 11... Nh5 12. g3 Bh3 13. Rc1 Qd7 14. c5 Nf4 15. Qe3 f6 16. cxd6 Bxd6 17. Ba3 Bxa3 18. Nxa3 {0-1 (39) Wittenberg,G (1921)-Bartsch,R (1920) GER email 2016}) 12. c5 $1 {[%mdl 512]} Nd7 (12... dxc5 13. Bxe5) 13. cxd6 Bxd6 14. Rd1 Be7 15. Ba3 c5 16. Nc3 $36 {[%mdl 2048] Hoping for Nd5. White has some pressure.} Nb6 17. Nd5 Nxd5 18. Qxd5 ({But not} 18. exd5 c4 $17) 18... Bg4 19. Bb2 Rfd8 (19... Bf6 {is interesting.} 20. Qd6 Qxd6 21. Rxd6 Be7 22. Rb6 f6) 20. Qxe5 Qxe5 21. Bxe5 Rdc8 (21... f6 $11 22. Bc3 Rxd1+ 23. Rxd1 a5) 22. Rac1 a5 23. h3 Be6 24. Bd6 Bxd6 25. Rxd6 a4 26. Nd2 axb3 27. axb3 Rab8 28. f3 h6 29. Rc3 Rb4 30. Kf2 Rcb8 31. Rxc5 Bxb3 32. Nxb3 Rxb3 $16 {[%mdl 4096] Endgame KRR-KRR} 33. Rd7 Rb2+ 34. Kg3 R8b6 35. Rc8+ Kh7 36. Rxf7 Rg6+ 37. Kf4 {[#] aiming for g4.} Rgxg2 38. Rcc7 Rb5 39. Rf5 Rb4 (39... Rxf5+ $142 40. Kxf5 Rg3) 40. h4 Rb3 41. h5 Rg5 $2 {This costs Black the game.} (41... Rb4 $16 42. Rd7 Rb1) 42. Rxg5 $18 hxg5+ 43. Kxg5 Rxf3 {KR-KR} 44. h6 $1 {White mates.} Rg3+ 45. Kf4 Ra3 46. Rxg7+ Kxh6 47. Rg1 Ra2 48. Kf5 Rf2+ 49. Ke6 Rf3 50. e5 Rf2 51. Ke7 Rf3 52. e6 Rf2 53. Ke8 Rf3 54. e7 Rd3 55. Rg4 Rd2 56. Kf7 Rf2+ 57. Ke6 Re2+ 58. Kf6 {[%cal Rg4h4]} Kh7 59. Rg5 Kh6 60. Re5 {Accuracy: White = 98%, Black = 72%.} 1-0

[Event "DMP-III LIGA Senior PK 2020"]
[Site "Bystre"]
[Date "2020.07.10"]
[Round "4.27"]
[White "Palacki, Rafal"]
[Black "Samek, Ryszard"]
[Result "*"]
[WhiteElo "1755"]
[BlackElo "1993"]
[Annotator "TA"]
[PlyCount "29"]
[EventDate "2020.07.05"]
[EventType "team-tourn"]
[EventCountry "POL"]
[SourceTitle "playchess.com"]
[Source "ChessBase"]
[SourceQuality "1"]

{[%evp 10,16,-8,-69,-64,-60,-58,-61,-65]} 1. e4 e5 2. Nf3 Nc6 3. Bc4 Nf6 4. d4 exd4 5. O-O Nxe4 6. Nc3 ({White should try} 6. Re1 $1 $11 d5 {[#]} 7. Bxd5 $1 {[%mdl 512]} Qxd5 8. Nc3 $1 {[%mdl 512]}) 6... Nd6 {Black is slightly better. C56: Two Knights: 4 d4 exd4 5 0-0 Nxe4.} 7. Re1+ Be7 8. Nd5 Nxc4 {[#]} {Predecessor:} 9. Nxe7 $146 Nxe7 10. Qxd4 O-O 11. Qxc4 d5 12. Qc3 Ng6 13. Be3 b6 14. a4 c5 15. Qd2 {½-½ (39) Volkov,S (2277)-Bachmann,A (2599) chess.com INT 2020} *